00950cam a22002777a 45000010005000000030006000050050017000110080041000280100017000690200015000860200018001010400023001190500024001420820012001661000020001782450110001982600039003083000059003474900033004065050007004395200121004465210020005675210019005876500030006067000036006363878FISKH20241210084927.0060623s2006 nyu 000 0 eng  a 2006278566 a0439801079 a9780439801072 aDLCcDLCdDLCbeng00aMLCM 2006/04992 (Q) a611.3141 aLane, Jeanette.14aThe magic school bus and the missing tooth /c[written by Jeanette Lane ; illustrated by Carolyn Bracken  aNew York, NY :bScholastic,c2006. a32 unnumbered pages : bcolor illustrations ; c23 cm 0 aScholastic reader. vLevel 2 aJ  aWhen Ms. Frizzle takes her class on the magic bus, it transports them into Maria's mouth to teach them about teeth. 8 a460 bLexile 8 aJ bRaz-Plus  aDental Healthxhuman body aBracken, Carolyn eIllustrator